| 000 | 01404nam a2200361 i 4500 | ||
|---|---|---|---|
| 001 | ELB242249 | ||
| 003 | FINmELB | ||
| 005 | 20250326043605.0 | ||
| 006 | m o u | ||
| 007 | cr cn||||||||| | ||
| 008 | 231120s2022 ck ob 000 0 spa d | ||
| 020 | _z9789585120389 | ||
| 035 | _a(OCoLC)1410391743 | ||
| 040 |
_aFINmELB _bspa _erda _cFINmELB |
||
| 050 | 1 | 4 |
_aRC731 _bT757 2022 |
| 080 | _a616.2-08 | ||
| 082 | 0 | 4 |
_a616.200461 _223 |
| 245 | 0 | 0 |
_aTópicos en cuidado cardiorrespiratorio / _cMaría Camila Jiménez Echavarría [y otros 19]. |
| 264 | 1 |
_aTunja, Boyacá : _bUniversidad de Boyacá, _c2022. |
|
| 300 | _a1 recurso en línea (48 páginas) | ||
| 336 |
_atexto _btxt _2rdamedia/spa |
||
| 337 |
_acomputadora _bc _2rdamedia/spa |
||
| 338 |
_arecurso en línea _bcr _2rdacarrier/spa |
||
| 504 | _aContiene bibliografía. | ||
| 588 | _aDescripción basada en metadatos suministrados por el editor y otras fuentes. | ||
| 590 | _aRecurso electrónico. Santa Fe, Arg.: elibro, 2021. Disponible vía World Wide Web. El acceso puede estar limitado para las bibliotecas afiliadas a elibro. | ||
| 650 | 4 |
_aEnfermedades respiratorias _xTratamiento. |
|
| 650 | 4 |
_aEnfermedades cardíacas _xTratamiento. |
|
| 655 | 4 | _aLibros electrónicos. | |
| 700 | 1 |
_aJiménez Echavarría, Maria Camila, _eautor. |
|
| 797 | 2 | _aelibro, Corp. | |
| 856 | 4 | 0 | _uhttps://elibro.net/ereader/usam/242249 |
| 999 |
_c149129 _d149129 |
||